[Event "WCO 2016"]
[Site "?"]
[Date "2016.09.13"]
[Round "11"]
[Board "2"]
[WhiteID "11000430"]
[White "Mandizha Farai"]
[BlackID "10613129"]
[Black "Fawzy Adham"]
[Result "0-1"]
[BlackElo "2451"]
[WhiteElo "2363"]
[LiveChessVersion "1.4.8"]

1. e4 {[%clk 1:30:38]} c5 {[%clk 1:30:47]} 2. Nf3 {[%clk 1:31:02]} Nc6
{[%clk 1:31:10]} 3. Bb5 {[%clk 1:30:40]} g6 {[%clk 1:31:33]} 4. Bxc6
{[%clk 1:29:09]} dxc6 {[%clk 1:31:50]} 5. h3 {[%clk 1:29:20]} Bg7
{[%clk 1:32:15]} 6. d3 {[%clk 1:29:03]} Nf6 {[%clk 1:32:35]} 7. Nc3
{[%clk 1:28:55]} O-O {[%clk 1:32:22]} 8. Be3 {[%clk 1:28:47]} b6 {[%clk 1:32:47]}
9. Qd2 {[%clk 1:28:48]} e5 {[%clk 1:33:12]} 10. O-O {[%clk 1:22:27]} Re8
{[%clk 1:31:43]} 11. Bh6 {[%clk 1:19:53]} Nh5 {[%clk 1:27:11]} 12. Ne2
{[%clk 1:14:34]} Qf6 {[%clk 1:18:04]} 13. Bg5 {[%clk 1:09:59]} Qd6
{[%clk 1:18:03]} 14. g4 {[%clk 0:59:47]} Nf6 {[%clk 1:16:43]} 15. Ng3
{[%clk 0:59:21]} Nd7 {[%clk 1:07:39]} 16. Bh6 {[%clk 0:56:01]} Nf8
{[%clk 1:06:58]} 17. Bxg7 {[%clk 0:52:48]} Kxg7 {[%clk 1:07:17]} 18. Nh4
{[%clk 0:53:05]} Kg8 {[%clk 0:49:51]} 19. Qh6 {[%clk 0:29:00]} Ne6
{[%clk 0:44:41]} 20. Nhf5 {[%clk 0:24:54]} Qf8 {[%clk 0:41:32]} 21. Qxf8+
{[%clk 0:18:16]} Kxf8 {[%clk 0:41:39]} 22. Nd6 {[%clk 0:18:43]} Rd8
{[%clk 0:41:40]} 23. Nc4 {[%clk 0:19:11]} f6 {[%clk 0:26:29]} 24. Ne2
{[%clk 0:17:14]} g5 {[%clk 0:26:51]} 25. a3 {[%clk 0:17:36]} Nd4 {[%clk 0:23:59]}
26. Nxd4 {[%clk 0:17:50]} cxd4 {[%clk 0:24:26]} 27. Kg2 {[%clk 0:17:44]} h5
{[%clk 0:24:05]} 28. f3 {[%clk 0:13:07]} Ke7 {[%clk 0:24:11]} 29. Rh1
{[%clk 0:13:14]} h4 {[%clk 0:22:09]} 30. Rhc1 {[%clk 0:12:32]} Be6
{[%clk 0:22:21]} 31. Nd2 {[%clk 0:12:59]} a5 {[%clk 0:19:48]} 32. a4
{[%clk 0:12:28]} b5 {[%clk 0:19:48]} 33. Kf2 {[%clk 0:12:28]} Rdb8
{[%clk 0:16:41]} 34. axb5 {[%clk 0:10:28]} cxb5 {[%clk 0:13:17]} 35. Ke2
{[%clk 0:07:24]} a4 {[%clk 0:12:14]} 36. b4 {[%clk 0:05:35]} a3 {[%clk 0:08:55]}
37. Nb3 {[%clk 0:05:35]} a2 {[%clk 0:07:18]} 38. Nc5 {[%clk 0:05:42]} Bg8
{[%clk 0:07:19]} 39. Kd2 {[%clk 0:05:29]} Ra3 {[%clk 0:07:47]} 40. Rf1
{[%clk 0:34:47]} Rba8 {[%clk 0:37:44]} 41. Kc1 {[%clk 0:35:06]} Rc3
{[%clk 0:36:20]} 42. Kb2 {[%clk 0:35:25]} Rxc5 {[%clk 0:29:12]} 43. bxc5
{[%clk 0:35:54]} b4 {[%clk 0:29:25]} 44. Rf2 {[%clk 0:34:41]} Be6
{[%clk 0:29:08]} 45. Rd2 {[%clk 0:31:34]} Kd7 {[%clk 0:28:51]} 46. Rc1
{[%clk 0:28:57]} Ra5 {[%clk 0:27:26]} 47. Ra1 {[%clk 0:29:23]} Kc6
{[%clk 0:27:38]} 48. Rf2 {[%clk 0:29:49]} Kxc5 {[%clk 0:27:54]} 49. Rd2
{[%clk 0:30:06]} Ra3 {[%clk 0:27:08]} 50. Rf2 {[%clk 0:29:14]} Rc3
{[%clk 0:27:04]} 51. Rd2 {[%clk 0:28:53]} b3 {[%clk 0:24:13]} 52. Rad1
{[%clk 0:20:24]} bxc2 {[%clk 0:16:25]} 53. Rxc2 {[%clk 0:20:50]} Kb4
{[%clk 0:16:46]} 54. Rcd2 {[%clk 0:20:59]} Ra3 {[%clk 0:16:23]} 55. Rc1
{[%clk 0:17:33]} Rb3+ {[%clk 0:13:29]} 56. Ka1 {[%clk 0:17:54]} Rc3
{[%clk 0:13:56]} 57. Rf1 {[%clk 0:11:40]} Ka3 {[%clk 0:14:09]} 58. Rh1
{[%clk 0:11:53]} Bb3 {[%clk 0:14:27]} 59. Rg1 {[%clk 0:10:38]} Rc2
{[%clk 0:13:43]} 60. Rxc2 {[%clk 0:09:26]} Bxc2 {[%clk 0:14:05]} 61. f4
{[%clk 0:06:26]} exf4 {[%clk 0:12:17]} 62. Re1 {[%clk 0:06:14]} Kb4
{[%clk 0:12:07]} 63. e5 {[%clk 0:05:30]} fxe5 {[%clk 0:12:32]} 64. Rxe5
{[%clk 0:05:56]} Bxd3 {[%clk 0:12:53]} 65. Rxg5 {[%clk 0:05:17]} f3
{[%clk 0:13:00]} 66. Rg8 {[%clk 0:05:44]} f2 {[%clk 0:13:13]} 67. Rf8
{[%clk 0:06:12]} f1=Q+ {[%clk 0:13:31]} 0-1

[Event "WCO 2016"]
[Site "?"]
[Date "2016.09.13"]
[Round "11"]
[Board "3"]
[WhiteID "10600620"]
[White "Ameir Moheb"]
[BlackID "14300753"]
[Black "Masango Spencer"]
[Result "1-0"]
[BlackElo "2200"]
[WhiteElo "2431"]
[LiveChessVersion "1.4.8"]

1. e4 {[%clk 1:30:56]} e5 {[%clk 1:30:50]} 2. Nf3 {[%clk 1:28:56]} Nc6
{[%clk 1:31:08]} 3. Bb5 {[%clk 1:29:18]} Nf6 {[%clk 1:31:25]} 4. O-O
{[%clk 1:29:03]} Nxe4 {[%clk 1:31:45]} 5. d4 {[%clk 1:29:22]} Nd6
{[%clk 1:31:57]} 6. Bxc6 {[%clk 1:29:48]} dxc6 {[%clk 1:32:17]} 7. dxe5
{[%clk 1:30:16]} Nf5 {[%clk 1:32:29]} 8. Qxd8+ {[%clk 1:30:44]} Kxd8
{[%clk 1:32:52]} 9. Nc3 {[%clk 1:31:02]} Bd7 {[%clk 1:29:45]} 10. h3
{[%clk 1:25:23]} h6 {[%clk 1:28:42]} 11. b3 {[%clk 1:19:25]} Kc8 {[%clk 1:24:45]}
12. Bb2 {[%clk 1:16:38]} b6 {[%clk 1:23:50]} 13. Rad1 {[%clk 1:13:17]} Be7
{[%clk 1:20:17]} 14. Ne2 {[%clk 1:00:44]} c5 {[%clk 1:16:58]} 15. Nf4
{[%clk 0:55:22]} Bc6 {[%clk 1:09:40]} 16. Nd5 {[%clk 0:45:15]} Rd8
{[%clk 1:06:01]} 17. c4 {[%clk 0:41:29]} Bf8 {[%clk 1:04:37]} 18. Rfe1
{[%clk 0:26:12]} Bd7 {[%clk 0:58:01]} 19. g4 {[%clk 0:23:09]} Ne7
{[%clk 0:54:56]} 20. e6 {[%clk 0:22:17]} Bxe6 {[%clk 0:43:06]} 21. Nxe7+
{[%clk 0:22:36]} Bxe7 {[%clk 0:43:30]} 22. Rxd8+ {[%clk 0:22:42]} Kxd8
{[%clk 0:41:46]} 23. Bxg7 {[%clk 0:23:10]} a5 {[%clk 0:30:27]} 24. a4
{[%clk 0:23:04]} b5 {[%clk 0:25:07]} 25. axb5 {[%clk 0:22:11]} a4
{[%clk 0:25:22]} 26. Ra1 {[%clk 0:22:22]} a3 {[%clk 0:25:12]} 27. Bxh6
{[%clk 0:19:56]} a2 {[%clk 0:22:47]} 28. Bg7 {[%clk 0:18:16]} f6 {[%clk 0:22:21]}
29. Ne1 {[%clk 0:09:27]} Ra3 {[%clk 0:19:52]} 30. Nc2 {[%clk 0:09:46]} Rxb3
{[%clk 0:19:27]} 31. Rxa2 {[%clk 0:10:14]} Rxh3 {[%clk 0:18:55]} 32. Ne3
{[%clk 0:08:44]} Rh7 {[%clk 0:17:33]} 33. Ra8+ {[%clk 0:09:13]} Bc8
{[%clk 0:16:23]} 34. Nf5 {[%clk 0:09:13]} Kd7 {[%clk 0:13:11]} 35. Rxc8
{[%clk 0:08:01]} 1-0

[Event "WCO 2016"]
[Site "?"]
[Date "2016.09.13"]
[Round "11"]
[Board "4"]
[WhiteID "11000449"]
[White "Chimbamu Elisha"]
[BlackID "10600183"]
[Black "Hesham Abdelrahman"]
[Result "0-1"]
[BlackElo "2419"]
[WhiteElo "2114"]
[LiveChessVersion "1.4.8"]

1. d4 {[%clk 1:30:56]} d5 {[%clk 1:30:46]} 2. Nf3 {[%clk 1:31:20]} Nf6
{[%clk 1:31:10]} 3. g3 {[%clk 1:31:38]} e6 {[%clk 1:31:23]} 4. Bg2
{[%clk 1:32:04]} Be7 {[%clk 1:31:49]} 5. O-O {[%clk 1:32:18]} O-O
{[%clk 1:32:15]} 6. c4 {[%clk 1:32:43]} dxc4 {[%clk 1:28:11]} 7. Qa4
{[%clk 1:33:04]} a6 {[%clk 1:25:54]} 8. Qxc4 {[%clk 1:33:26]} b5 {[%clk 1:26:21]}
9. Qc2 {[%clk 1:33:42]} Bb7 {[%clk 1:26:47]} 10. Bf4 {[%clk 1:34:00]} Nc6
{[%clk 1:19:08]} 11. Rd1 {[%clk 1:29:27]} Nb4 {[%clk 1:14:29]} 12. Qc1
{[%clk 1:23:08]} Nbd5 {[%clk 1:11:48]} 13. Nc3 {[%clk 1:04:35]} Rc8
{[%clk 1:06:06]} 14. Ne5 {[%clk 0:48:30]} c5 {[%clk 1:02:23]} 15. Nxd5
{[%clk 0:43:54]} Nxd5 {[%clk 0:56:09]} 16. dxc5 {[%clk 0:38:41]} Bxc5
{[%clk 0:54:53]} 17. Qd2 {[%clk 0:37:55]} Bb4 {[%clk 0:35:33]} 18. Qd3
{[%clk 0:35:21]} f6 {[%clk 0:30:31]} 19. Nf3 {[%clk 0:32:42]} Nxf4
{[%clk 0:30:32]} 20. gxf4 {[%clk 0:33:07]} Qxd3 {[%clk 0:30:52]} 21. Rxd3
{[%clk 0:33:00]} Rfd8 {[%clk 0:18:41]} 22. Rad1 {[%clk 0:24:01]} Rxd3
{[%clk 0:18:50]} 23. Rxd3 {[%clk 0:24:23]} Rc1+ {[%clk 0:17:22]} 24. Bf1
{[%clk 0:24:52]} Bd5 {[%clk 0:17:34]} 25. a3 {[%clk 0:24:10]} Bd6
{[%clk 0:12:03]} 26. f5 {[%clk 0:15:56]} Bc5 {[%clk 0:09:40]} 27. Kg2
{[%clk 0:09:27]} Kf7 {[%clk 0:09:40]} 28. Kg1 {[%clk 0:05:47]} g6
{[%clk 0:05:56]} 29. fxe6+ {[%clk 0:05:43]} Bxe6 {[%clk 0:05:58]} 30. Nd2
{[%clk 0:05:35]} Bf5 {[%clk 0:04:57]} 31. Nb3 {[%clk 0:03:37]} Bxd3
{[%clk 0:03:59]} 32. Nxc1 {[%clk 0:04:04]} Bf5 {[%clk 0:04:21]} 33. Nd3
{[%clk 0:04:19]} Bd6 {[%clk 0:04:00]} 34. Bg2 {[%clk 0:04:13]} Bc8
{[%clk 0:04:18]} 35. Bd5+ {[%clk 0:04:34]} Ke7 {[%clk 0:04:44]} 36. Kg2
{[%clk 0:04:50]} g5 {[%clk 0:05:04]} 37. e3 {[%clk 0:03:45]} Bc7 {[%clk 0:05:09]}
38. h3 {[%clk 0:03:24]} Kd6 {[%clk 0:05:29]} 39. Bg8 {[%clk 0:03:38]} h6
{[%clk 0:05:48]} 40. e4 {[%clk 0:33:37]} Bb7 {[%clk 0:35:38]} 41. f3
{[%clk 0:33:00]} Bb6 {[%clk 0:31:21]} 42. Kg3 {[%clk 0:31:18]} Bd4
{[%clk 0:31:11]} 43. b4 {[%clk 0:28:22]} Bc8 {[%clk 0:22:33]} 44. Bb3
{[%clk 0:22:34]} Bd7 {[%clk 0:22:23]} 45. Ba2 {[%clk 0:21:09]} f5
{[%clk 0:20:02]} 46. Bd5 {[%clk 0:15:44]} fxe4 {[%clk 0:17:47]} 47. fxe4
{[%clk 0:15:36]} h5 {[%clk 0:18:07]} 48. Kg2 {[%clk 0:10:57]} h4 {[%clk 0:14:50]}
49. Kh2 {[%clk 0:09:36]} g4 {[%clk 0:14:39]} 50. hxg4 {[%clk 0:07:44]} Bxg4
{[%clk 0:15:04]} 51. Bb7 {[%clk 0:06:56]} Kc7 {[%clk 0:15:16]} 52. Bd5
{[%clk 0:06:48]} Be2 {[%clk 0:15:25]} 53. Nc5 {[%clk 0:06:05]} Bxc5
{[%clk 0:09:45]} 54. bxc5 {[%clk 0:06:34]} Bc4 {[%clk 0:10:14]} 55. Kh3
{[%clk 0:05:10]} Bxd5 {[%clk 0:10:24]} 56. exd5 {[%clk 0:05:39]} a5
{[%clk 0:10:48]} 57. Kxh4 {[%clk 0:04:39]} b4 {[%clk 0:11:14]} 58. axb4
{[%clk 0:04:26]} axb4 {[%clk 0:11:40]} 59. Kg5 {[%clk 0:03:18]} b3
{[%clk 0:12:06]} 60. Kf6 {[%clk 0:03:30]} b2 {[%clk 0:12:24]} 61. Ke7
{[%clk 0:03:51]} b1=Q {[%clk 0:12:49]} 62. d6+ {[%clk 0:04:13]} Kc6
{[%clk 0:13:15]} 0-1

[Event "WCO 2016"]
[Site "?"]
[Date "2016.09.13"]
[Round "11"]
[Board "5"]
[WhiteID "7200013"]
[White "Rodgaard John"]
[BlackID "1710400"]
[Black "Grandelius Nils"]
[Result "0-1"]
[BlackElo "2641"]
[WhiteElo "2345"]
[LiveChessVersion "1.4.8"]

1. d4 {[%clk 1:30:54]} Nf6 {[%clk 1:30:46]} 2. Nf3 {[%clk 1:31:00]} d5
{[%clk 1:29:44]} 3. c4 {[%clk 1:30:52]} e6 {[%clk 1:29:56]} 4. Nc3
{[%clk 1:27:25]} c6 {[%clk 1:22:50]} 5. cxd5 {[%clk 1:11:36]} exd5
{[%clk 1:21:03]} 6. Qc2 {[%clk 1:06:23]} g6 {[%clk 1:14:45]} 7. Bg5
{[%clk 1:05:58]} Be7 {[%clk 1:14:49]} 8. Bxf6 {[%clk 1:02:02]} Bxf6
{[%clk 1:13:13]} 9. e3 {[%clk 0:57:49]} Bg4 {[%clk 1:06:21]} 10. Be2
{[%clk 0:57:07]} Nd7 {[%clk 1:06:44]} 11. O-O {[%clk 0:56:52]} Be7
{[%clk 1:04:33]} 12. Rab1 {[%clk 0:53:58]} a5 {[%clk 0:52:29]} 13. Nd2
{[%clk 0:46:54]} Be6 {[%clk 0:51:01]} 14. a3 {[%clk 0:32:19]} O-O
{[%clk 0:49:31]} 15. Na4 {[%clk 0:24:16]} Bd6 {[%clk 0:42:07]} 16. Bd3
{[%clk 0:19:05]} Qe7 {[%clk 0:40:23]} 17. Rbc1 {[%clk 0:17:31]} b5
{[%clk 0:29:37]} 18. Nc5 {[%clk 0:11:14]} Nxc5 {[%clk 0:29:06]} 19. dxc5
{[%clk 0:11:41]} Be5 {[%clk 0:29:34]} 20. Nf3 {[%clk 0:10:57]} Bg7
{[%clk 0:30:00]} 21. Rfe1 {[%clk 0:10:18]} f5 {[%clk 0:27:09]} 22. Qd2
{[%clk 0:09:22]} Bd7 {[%clk 0:26:10]} 23. g3 {[%clk 0:08:56]} Bf6
{[%clk 0:25:40]} 24. Nd4 {[%clk 0:08:36]} Qg7 {[%clk 0:26:03]} 25. Bf1
{[%clk 0:08:37]} f4 {[%clk 0:22:04]} 26. gxf4 {[%clk 0:05:44]} Bxd4
{[%clk 0:22:27]} 27. Qxd4 {[%clk 0:05:35]} Qxd4 {[%clk 0:22:55]} 28. exd4
{[%clk 0:05:55]} Rxf4 {[%clk 0:23:23]} 29. Re7 {[%clk 0:05:35]} Bf5
{[%clk 0:22:25]} 30. f3 {[%clk 0:03:56]} Rf8 {[%clk 0:16:39]} 31. Rc7
{[%clk 0:03:00]} Rc8 {[%clk 0:17:02]} 32. Ra7 {[%clk 0:02:49]} Re8
{[%clk 0:17:26]} 33. Rxa5 {[%clk 0:02:09]} Rxf3 {[%clk 0:17:43]} 34. b4
{[%clk 0:01:33]} Rf4 {[%clk 0:17:37]} 35. a4 {[%clk 0:01:30]} bxa4
{[%clk 0:16:15]} 36. b5 {[%clk 0:01:58]} Rg4+ {[%clk 0:08:28]} 37. Kf2
{[%clk 0:02:10]} Rf8 {[%clk 0:08:57]} 38. Be2 {[%clk 0:01:30]} Bd7+
{[%clk 0:06:22]} 39. Ke1 {[%clk 0:00:58]} Re4 {[%clk 0:04:07]} 40. Rxa4
{[%clk 0:30:34]} cxb5 {[%clk 0:33:05]} 41. Ra2 {[%clk 0:25:15]} Bg4
{[%clk 0:27:01]} 42. c6 {[%clk 0:20:46]} b4 {[%clk 0:22:47]} 43. Rd2
{[%clk 0:14:22]} b3 {[%clk 0:19:07]} 44. Rb1 {[%clk 0:06:21]} Rc8
{[%clk 0:19:13]} 45. Kf2 {[%clk 0:05:21]} Bxe2 {[%clk 0:14:11]} 46. Rxe2
{[%clk 0:05:48]} Rxe2+ {[%clk 0:14:35]} 47. Kxe2 {[%clk 0:06:08]} Rxc6
{[%clk 0:15:02]} 48. Rxb3 {[%clk 0:05:35]} Rc2+ {[%clk 0:15:27]} 49. Ke3
{[%clk 0:05:20]} Rxh2 {[%clk 0:15:52]} 50. Kf4 {[%clk 0:05:42]} Rh5
{[%clk 0:15:15]} 51. Rb7 {[%clk 0:03:48]} Rf5+ {[%clk 0:14:41]} 52. Kg4
{[%clk 0:02:52]} h5+ {[%clk 0:10:14]} 53. Kh4 {[%clk 0:03:19]} Rf4+
{[%clk 0:10:37]} 54. Kg5 {[%clk 0:03:41]} Rg4+ {[%clk 0:11:05]} 55. Kf6
{[%clk 0:02:51]} h4 {[%clk 0:11:15]} 56. Ke5 {[%clk 0:01:24]} h3 {[%clk 0:11:11]}
57. Rb1 {[%clk 0:01:41]} h2 {[%clk 0:10:19]} 58. Rh1 {[%clk 0:01:52]} Rg5+
{[%clk 0:10:30]} 59. Kf6 {[%clk 0:00:54]} Rg2 {[%clk 0:10:53]} 60. Ke5
{[%clk 0:01:16]} g5 {[%clk 0:11:12]} 61. Kxd5 {[%clk 0:01:20]} g4
{[%clk 0:11:37]} 62. Ke4 {[%clk 0:01:27]} g3 {[%clk 0:12:00]} 0-1

[Event "WCO 2016"]
[Site "?"]
[Date "2016.09.13"]
[Round "11"]
[Board "6"]
[WhiteID "1709437"]
[White "Blomqvist Erik"]
[BlackID "7200110"]
[Black "Andreasen Joan Hendrik"]
[Result "1-0"]
[BlackElo "2239"]
[WhiteElo "2545"]
[LiveChessVersion "1.4.8"]

1. Nf3 {[%clk 1:30:56]} Nf6 {[%clk 1:30:31]} 2. c4 {[%clk 1:31:12]} e6
{[%clk 1:30:19]} 3. g3 {[%clk 1:31:34]} b6 {[%clk 1:29:27]} 4. Bg2
{[%clk 1:31:49]} Bb7 {[%clk 1:29:46]} 5. O-O {[%clk 1:31:52]} Be7
{[%clk 1:29:51]} 6. b3 {[%clk 1:31:48]} O-O {[%clk 1:29:59]} 7. Bb2
{[%clk 1:32:04]} d5 {[%clk 1:28:13]} 8. e3 {[%clk 1:25:21]} dxc4 {[%clk 1:25:51]}
9. bxc4 {[%clk 1:25:42]} c5 {[%clk 1:25:48]} 10. Qe2 {[%clk 1:24:43]} Nc6
{[%clk 1:20:49]} 11. Rd1 {[%clk 1:23:02]} Rc8 {[%clk 1:17:13]} 12. Nc3
{[%clk 1:23:11]} Qd7 {[%clk 1:12:16]} 13. d3 {[%clk 1:15:46]} Rfd8
{[%clk 1:11:05]} 14. Rab1 {[%clk 1:15:24]} Bf8 {[%clk 1:02:33]} 15. Ba1
{[%clk 1:10:55]} g6 {[%clk 0:59:18]} 16. Ne4 {[%clk 1:03:09]} Nxe4
{[%clk 0:59:00]} 17. dxe4 {[%clk 1:01:12]} Qc7 {[%clk 0:54:56]} 18. h4
{[%clk 0:31:38]} h5 {[%clk 0:50:41]} 19. Ng5 {[%clk 0:29:14]} e5 {[%clk 0:42:24]}
20. Rd5 {[%clk 0:28:16]} Bg7 {[%clk 0:40:01]} 21. Bh3 {[%clk 0:28:23]} Na5
{[%clk 0:34:05]} 22. Bxc8 {[%clk 0:25:32]} Bxd5 {[%clk 0:34:02]} 23. cxd5
{[%clk 0:24:24]} Qxc8 {[%clk 0:34:03]} 24. f4 {[%clk 0:24:11]} Re8
{[%clk 0:31:21]} 25. Rf1 {[%clk 0:22:47]} exf4 {[%clk 0:18:48]} 26. Bxg7
{[%clk 0:23:11]} Kxg7 {[%clk 0:19:11]} 27. Rxf4 {[%clk 0:23:18]} f6
{[%clk 0:13:47]} 28. Qb2 {[%clk 0:05:40]} Qd8 {[%clk 0:08:06]} 29. Ne6+
{[%clk 0:03:31]} Rxe6 {[%clk 0:08:30]} 30. dxe6 {[%clk 0:03:58]} Nc4
{[%clk 0:07:07]} 31. Qb3 {[%clk 0:03:37]} Ne5 {[%clk 0:06:23]} 32. Qd5
{[%clk 0:04:02]} Qc7 {[%clk 0:05:34]} 33. Rf1 {[%clk 0:04:13]} c4
{[%clk 0:05:30]} 34. Rc1 {[%clk 0:04:04]} Kh6 {[%clk 0:05:12]} 35. Kg2
{[%clk 0:03:53]} Qe7 {[%clk 0:03:06]} 36. Rd1 {[%clk 0:03:54]} Kg7
{[%clk 0:02:28]} 37. a4 {[%clk 0:02:45]} Qa3 {[%clk 0:02:15]} 38. Qb7+
{[%clk 0:02:01]} Kh6 {[%clk 0:01:24]} 39. Rd8 {[%clk 0:02:17]} Qb2+
{[%clk 0:01:08]} 40. Kh3 {[%clk 0:32:40]} 1-0

[Event "WCO 2016"]
[Site "?"]
[Date "2016.09.13"]
[Round "11"]
[Board "7"]
[WhiteID "7200641"]
[White "Thorsteinsson Sjurdur"]
[BlackID "1700812"]
[Black "Hillarp Persson Tiger"]
[Result "0-1"]
[BlackElo "2523"]
[WhiteElo "2187"]
[LiveChessVersion "1.4.8"]

1. e4 {[%clk 1:30:56]} c5 {[%clk 1:30:55]} 2. Nf3 {[%clk 1:31:07]} e6
{[%clk 1:31:18]} 3. d4 {[%clk 1:31:21]} cxd4 {[%clk 1:31:42]} 4. Nxd4
{[%clk 1:31:49]} a6 {[%clk 1:32:01]} 5. Nc3 {[%clk 1:32:00]} Qc7 {[%clk 1:32:25]}
6. Bd3 {[%clk 1:32:18]} Bd6 {[%clk 1:32:30]} 7. Qg4 {[%clk 1:20:52]} h5
{[%clk 1:32:50]} 8. Qh4 {[%clk 1:19:29]} Ne7 {[%clk 1:28:44]} 9. Nce2
{[%clk 1:10:56]} Ng6 {[%clk 1:25:19]} 10. Qg5 {[%clk 1:08:05]} Nc6
{[%clk 1:18:58]} 11. Nxc6 {[%clk 1:02:45]} dxc6 {[%clk 1:13:15]} 12. Qe3
{[%clk 1:00:23]} e5 {[%clk 0:49:45]} 13. Bd2 {[%clk 0:53:51]} Be6
{[%clk 0:49:00]} 14. b3 {[%clk 0:46:28]} h4 {[%clk 0:40:53]} 15. h3
{[%clk 0:44:45]} a5 {[%clk 0:35:35]} 16. O-O {[%clk 0:43:15]} Qe7
{[%clk 0:35:24]} 17. Qf3 {[%clk 0:40:55]} Bb4 {[%clk 0:35:15]} 18. c3
{[%clk 0:40:53]} Bc5 {[%clk 0:35:38]} 19. Rfd1 {[%clk 0:40:22]} Nf8
{[%clk 0:34:26]} 20. Bc2 {[%clk 0:32:04]} Nd7 {[%clk 0:30:26]} 21. Rab1
{[%clk 0:29:38]} Qf6 {[%clk 0:23:25]} 22. Qxf6 {[%clk 0:28:26]} Nxf6
{[%clk 0:23:21]} 23. Kf1 {[%clk 0:28:10]} Nd7 {[%clk 0:21:37]} 24. a4
{[%clk 0:26:29]} f6 {[%clk 0:15:05]} 25. Nc1 {[%clk 0:25:04]} O-O-O
{[%clk 0:11:45]} 26. Ke2 {[%clk 0:23:03]} Kc7 {[%clk 0:09:20]} 27. b4
{[%clk 0:19:48]} Be7 {[%clk 0:08:08]} 28. Bb3 {[%clk 0:19:45]} Bxb3
{[%clk 0:06:27]} 29. Nxb3 {[%clk 0:20:02]} Nb6 {[%clk 0:05:30]} 30. Nxa5
{[%clk 0:19:26]} Nxa4 {[%clk 0:05:28]} 31. Nc4 {[%clk 0:19:05]} b5
{[%clk 0:04:51]} 32. Ne3 {[%clk 0:19:14]} g6 {[%clk 0:04:52]} 33. Be1
{[%clk 0:18:18]} Rxd1 {[%clk 0:04:17]} 34. Rxd1 {[%clk 0:18:21]} Rf8
{[%clk 0:04:16]} 35. Rc1 {[%clk 0:11:33]} Nb6 {[%clk 0:04:16]} 36. Ra1
{[%clk 0:10:08]} Kb7 {[%clk 0:04:39]} 37. f3 {[%clk 0:09:51]} f5 {[%clk 0:04:56]}
38. exf5 {[%clk 0:09:46]} gxf5 {[%clk 0:05:15]} 39. Bf2 {[%clk 0:09:47]} Bg5
{[%clk 0:04:14]} 40. Nd1 {[%clk 0:38:23]} Rd8 {[%clk 0:30:45]} 41. Be3
{[%clk 0:33:02]} Bf6 {[%clk 0:30:03]} 42. Ra2 {[%clk 0:25:43]} e4
{[%clk 0:17:40]} 43. fxe4 {[%clk 0:15:32]} fxe4 {[%clk 0:17:25]} 44. Rc2
{[%clk 0:11:10]} Nd5 {[%clk 0:12:35]} 45. Bd2 {[%clk 0:10:57]} Rg8
{[%clk 0:12:45]} 46. Kf1 {[%clk 0:10:46]} Re8 {[%clk 0:08:46]} 47. Ne3
{[%clk 0:10:25]} Rf8 {[%clk 0:07:56]} 48. Nxd5 {[%clk 0:05:13]} cxd5
{[%clk 0:08:19]} 49. Ke1 {[%clk 0:04:46]} Rc8 {[%clk 0:08:08]} 50. Kd1
{[%clk 0:04:52]} Rc6 {[%clk 0:08:01]} 51. Be1 {[%clk 0:05:08]} Kc7
{[%clk 0:08:09]} 52. Kd2 {[%clk 0:03:45]} Kd7 {[%clk 0:08:09]} 53. Bf2
{[%clk 0:03:52]} Ke6 {[%clk 0:08:16]} 54. Bc5 {[%clk 0:03:55]} Ra6
{[%clk 0:08:39]} 55. Kc1 {[%clk 0:02:51]} Ra1+ {[%clk 0:08:19]} 56. Kd2
{[%clk 0:02:37]} Kf5 {[%clk 0:08:02]} 57. Ke3 {[%clk 0:02:09]} Rd1
{[%clk 0:05:29]} 58. Rf2+ {[%clk 0:01:54]} Ke6 {[%clk 0:05:51]} 59. Kf4
{[%clk 0:01:36]} Bxc3 {[%clk 0:05:54]} 60. Ra2 {[%clk 0:01:31]} Ra1
{[%clk 0:05:47]} 61. Re2 {[%clk 0:01:17]} Ra8 {[%clk 0:05:09]} 62. g4
{[%clk 0:01:09]} hxg3 {[%clk 0:05:30]} 63. Kxg3 {[%clk 0:01:38]} Be5+
{[%clk 0:05:31]} 64. Kf2 {[%clk 0:01:22]} Rh8 {[%clk 0:03:38]} 65. Re3
{[%clk 0:01:42]} Kf5 {[%clk 0:04:00]} 66. Ra3 {[%clk 0:01:54]} d4
{[%clk 0:04:05]} 67. Ra5 {[%clk 0:01:54]} e3+ {[%clk 0:03:30]} 68. Ke2
{[%clk 0:01:38]} Ke4 {[%clk 0:03:50]} 0-1

[Event "WCO 2016"]
[Site "?"]
[Date "2016.09.13"]
[Round "11"]
[Board "8"]
[WhiteID "1701754"]
[White "Westerberg Jonathan"]
[BlackID "7200463"]
[Black "Vang Finnbjorn"]
[Result "1-0"]
[BlackElo "2067"]
[WhiteElo "2491"]
[LiveChessVersion "1.4.8"]

1. e4 {[%clk 1:30:45]} e5 {[%clk 1:30:52]} 2. Nf3 {[%clk 1:31:05]} Nc6
{[%clk 1:31:09]} 3. Nc3 {[%clk 1:31:13]} Nf6 {[%clk 1:31:19]} 4. Be2
{[%clk 1:31:34]} d5 {[%clk 1:31:23]} 5. exd5 {[%clk 1:32:01]} Nxd5
{[%clk 1:31:44]} 6. O-O {[%clk 1:32:20]} Nxc3 {[%clk 1:31:03]} 7. bxc3
{[%clk 1:32:42]} e4 {[%clk 1:13:02]} 8. Ne1 {[%clk 1:32:57]} Bd6 {[%clk 1:13:06]}
9. f3 {[%clk 1:33:18]} Bf5 {[%clk 0:59:02]} 10. fxe4 {[%clk 1:32:59]} Bxe4
{[%clk 0:59:15]} 11. Nf3 {[%clk 1:32:33]} O-O {[%clk 0:57:21]} 12. d4
{[%clk 1:30:21]} Qe7 {[%clk 0:56:08]} 13. Bd3 {[%clk 1:19:41]} Bxd3
{[%clk 0:53:55]} 14. Qxd3 {[%clk 1:19:59]} h6 {[%clk 0:50:03]} 15. Bd2
{[%clk 1:16:07]} Rae8 {[%clk 0:46:36]} 16. Qb5 {[%clk 1:15:44]} Rb8
{[%clk 0:37:52]} 17. Rae1 {[%clk 1:14:30]} Qf6 {[%clk 0:31:44]} 18. Re4
{[%clk 1:07:47]} Qg6 {[%clk 0:29:40]} 19. Qe2 {[%clk 1:06:40]} Qh5
{[%clk 0:27:35]} 20. g4 {[%clk 0:54:32]} Qh3 {[%clk 0:12:07]} 21. g5
{[%clk 0:54:12]} Be7 {[%clk 0:04:57]} 22. gxh6 {[%clk 0:47:08]} gxh6
{[%clk 0:04:29]} 23. Rxe7 {[%clk 0:41:45]} Nxe7 {[%clk 0:04:49]} 24. Qxe7
{[%clk 0:41:59]} Rbe8 {[%clk 0:05:02]} 25. Qh4 {[%clk 0:41:58]} Qxh4
{[%clk 0:03:07]} 26. Nxh4 {[%clk 0:42:22]} Re2 {[%clk 0:03:23]} 27. Rf2
{[%clk 0:41:09]} Rfe8 {[%clk 0:03:08]} 28. a4 {[%clk 0:36:42]} R8e6
{[%clk 0:01:57]} 29. a5 {[%clk 0:36:34]} Rxf2 {[%clk 0:00:32]} 30. Kxf2
{[%clk 0:37:03]} b5 {[%clk 0:00:33]} 31. Nf3 {[%clk 0:31:27]} c5 {[%clk 0:00:33]}
32. dxc5 {[%clk 0:31:00]} Rc6 {[%clk 0:00:43]} 33. Be3 {[%clk 0:30:23]} Ra6
{[%clk 0:00:47]} 34. Nd4 {[%clk 0:30:40]} Kf8 {[%clk 0:00:40]} 35. c6
{[%clk 0:29:09]} Ke7 {[%clk 0:00:47]} 36. Bxh6 {[%clk 0:22:08]} Rxa5
{[%clk 0:01:01]} 37. Bg5+ {[%clk 0:20:43]} Kd6 {[%clk 0:00:50]} 38. c7
{[%clk 0:20:44]} Kd7 {[%clk 0:00:48]} 39. Bd8 {[%clk 0:20:56]} Ra2
{[%clk 0:00:32]} 40. h4 {[%clk 0:50:34]} a6 {[%clk 0:30:52]} 41. h5
{[%clk 0:50:45]} Ra3 {[%clk 0:29:34]} 42. h6 {[%clk 0:49:03]} Rxc3
{[%clk 0:23:10]} 43. Kg2 {[%clk 0:48:54]} Rc5 {[%clk 0:21:10]} 44. h7
{[%clk 0:48:49]} Rh5 {[%clk 0:21:35]} 45. Nc6 {[%clk 0:48:51]} 1-0